KOHA-Header-6

A HandBook of Human Resource Maangement Practice (Record no. 7890)

000 -LEADER
fixed length control field 00277nam a2200109Ia 4500
100 ## - MAIN ENTRY--AUTHOR NAME
Personal name Michael Armstrong
245 #2 - TITLE STATEMENT
Title A HandBook of Human Resource Maangement Practice
260 ## - PUBLICATION, DISTRIBUTION, ETC. (IMPRINT)
Place of publication UK
Name of publisher Kogan
Year of publication 2000
300 ## - PHYSICAL DESCRIPTION
Number of Pages 922
942 ## - ADDED ENTRY ELEMENTS (KOHA)
Koha item type Books
Holdings
Withdrawn status Lost status Collection code Permanent Location Current Location Shelving location Date acquired Full call number Accession Number Koha item type
    Management MAJU MAJU   2019-09-12 658.98 2177 Management

Powered by Koha